Harry Potter Movies: Two Word Blitz Quiz Stats

 Plays Quiz not verified by Sporcle

Score 0/40 Timer 02:00
1 Play Today
% Correct
8. Deathly Hallows: Part 2
83.2%
2. Chamber of Secrets
81.8%
2. Chamber of Secrets
81.3%
4. Goblet of Fire
80.8%
4. Goblet of Fire
80.8%
4. Goblet of Fire
80.7%
1. Sorcerer's Stone
80.3%
3. Prisoner of Azkaban
80%
4. Goblet of Fire
80%
3. Prisoner of Azkaban
79.6%
6. Half-Blood Prince
78.2%
3. Prisoner of Azkaban
76.2%
7. Deathly Hallows: Part 1
75.7%
2. Chamber of Secrets
75.3%
6. Half-Blood Prince
75.3%
7. Deathly Hallows: Part 1
72.9%
5. Order of the Phoenix
72.6%
1. Sorcerer's Stone
72.4%
8. Deathly Hallows: Part 2
72.4%
1. Sorcerer's Stone
72.1%
% Correct
6. Half-Blood Prince
71.9%
5. Order of the Phoenix
71.7%
4. Goblet of Fire
71.1%
3. Prisoner of Azkaban
70.6%
8. Deathly Hallows: Part 2
67%
2. Chamber of Secrets
65.5%
6. Half-Blood Prince
64.5%
2. Chamber of Secrets
64.1%
7. Deathly Hallows: Part 1
63.8%
6. Half-Blood Prince
63.7%
5. Order of the Phoenix
62.7%
5. Order of the Phoenix
61.6%
1. Sorcerer's Stone
61.5%
1. Sorcerer's Stone
61.5%
7. Deathly Hallows: Part 1
61.3%
7. Deathly Hallows: Part 1
59.1%
5. Order of the Phoenix
57.1%
3. Prisoner of Azkaban
53.9%
8. Deathly Hallows: Part 2
48.1%
8. Deathly Hallows: Part 2
42%

You're not logged in!

Compare scores with friends on all Sporcle quizzes.
OR
Log In

Show Comments

Extras

Top Quizzes Today


Score Distribution

Your Account Isn't Verified!

In order to create a playlist on Sporcle, you need to verify the email address you used during registration. Go to your Sporcle Settings to finish the process.

Report this User

Report this user for behavior that violates our Community Guidelines.

Details: